Inovácie v oblasti ekologických obalov bakalárska práca

Gespeichert in:
Bibliographische Detailangaben
1. Verfasser: Sečenová, Michaela
Körperschaft: Obchodná fakulta EU. Katedra tovaroznalectva a kvality tovaru
Weitere Verfasser: Jarossová, Malgorzata Agnieszka, 1978-
Format: Buch
Sprache:Slowakisch
Veröffentlicht: Bratislava 2014
Tags: Tag hinzufügen
Keine Tags, Fügen Sie das erste Tag hinzu!

MARC

LEADER 00000nbm a2200000 4500
001 0188251
005 20170201100938.4
041 0 |a slo 
044 |a SK 
245 1 0 |a Inovácie v oblasti ekologických obalov  |b bakalárska práca  |c Michaela Sečenová ; školiteľ: Malgorzata A. Jarossová 
264 1 |a Bratislava  |c 2014 
300 |a 51 s. 
100 1 |a Sečenová, Michaela 
700 1 |a Jarossová, Malgorzata Agnieszka, 1978- 
710 2 |a Obchodná fakulta EU. Katedra tovaroznalectva a kvality tovaru